Giáo trình giải tích đa trị

Bao gồm nhiều tập, đề cấp đến hầu hết các lĩnh vưc khác nhau của toán học cao cấp, đặc biệt là các lĩnh vực liên quan đến hướng đang phát triển mạnh của toán học hiện đại, có tầm quan trọng trong sự phát triển lý thuyết và ứng dụng th...

ver descrição completa

Na minha lista:
Detalhes bibliográficos
Autor principal: Nguyễn, Đông Yên
Formato: Livro
Idioma:Undetermined
Publicado em: Hà Nội Khoa học tự nhiên và công nghệ 2007
Assuntos:
Tags: Adicionar Tag
Sem tags, seja o primeiro a adicionar uma tag!
Thư viện lưu trữ: Trung tâm Học liệu Trường Đại học Cần Thơ
LEADER 01154nam a2200241Ia 4500
001 CTU_170091
008 210402s9999 xx 000 0 und d
020 |c 32000 
082 |a 515 
082 |b Y603 
100 |a Nguyễn, Đông Yên 
245 0 |a Giáo trình giải tích đa trị 
245 0 |c Nguyễn Đông Yên 
260 |a Hà Nội 
260 |b Khoa học tự nhiên và công nghệ 
260 |c 2007 
520 |a Bao gồm nhiều tập, đề cấp đến hầu hết các lĩnh vưc khác nhau của toán học cao cấp, đặc biệt là các lĩnh vực liên quan đến hướng đang phát triển mạnh của toán học hiện đại, có tầm quan trọng trong sự phát triển lý thuyết và ứng dụng thực tiễn. 
526 |a Lý thuyết hàm đa trị,Giải tích đa trị 
526 |b SPT617,SP328 
650 |a Set-valued analysis,Mathematical analysis 
650 |x Giải tích đa trị,Giải tích đa trị 
904 |i Lien,Qhieu 
980 |a Trung tâm Học liệu Trường Đại học Cần Thơ